Dezinvestície – prehľad determinantov presunu investícií

Vstup do analýzy determinantov dezinvestícií a základné makroekonomické determinanty podnecujúce presun priamych zahraničných investícií do iných krajín. Vývoj dezinvestícií v krajinách OECD.

Salvato in:
Dettagli Bibliografici
Autore principale: Darmo, Ľubomír, 1984-
Natura: Capitolo di libro
Lingua:slovacco
Soggetti:
Tags: Aggiungi Tag
Nessun Tag, puoi essere il primo ad aggiungerne!!

MARC

LEADER 00000nla a2200000 4500
001 0246753
005 20240604111235.5
041 0 |a slo 
044 |a CZ 
245 1 0 |a Dezinvestície – prehľad determinantov presunu investícií  |c Ľubomír Darmo 
520 |a Vstup do analýzy determinantov dezinvestícií a základné makroekonomické determinanty podnecujúce presun priamych zahraničných investícií do iných krajín. Vývoj dezinvestícií v krajinách OECD. 
610 2 0 |a investície 
610 2 0 |a ukazovatele makroekonomické 
610 2 0 |a stratégia investičná 
610 2 0 |a investície priame zahraničné 
610 2 0 |a obchod medzinárodný 
610 2 0 |a krajiny vyspelé 
100 1 |a Darmo, Ľubomír, 1984-